Los concepciones docentes acerca de la enseñanza y el aprendizaje de la lectoescritura como factores del éxito o del fracaso escolar. Versión preliminar para discusión interna en IDEISE (Record no. 8693)
[ view plain ]
| 000 -LEADER | |
|---|---|
| campo de control de longitud fija | 00549nam a2200133Ia 4500 |
| 001 - NÚMERO DE CONTROL | |
| campo de control | 2854 |
| 008 - DATOS DE LONGITUD FIJA--INFORMACIÓN GENERAL | |
| campo de control de longitud fija | 241024s9999 xx 000 0 und d |
| 082 ## - NÚMERO DE LA CLASIFICACIÓN DECIMAL DEWEY | |
| Número de clasificación | RD/372.41/R426c/IDEICE/2012 |
| 100 ## - ENTRADA PRINCIPAL--NOMBRE DE PERSONA | |
| Nombre de persona | República Dominicana. Ministerio de Educación/CECC/SICA/IDEICE |
| 245 #0 - MENCIÓN DEL TÍTULO | |
| Título | Los concepciones docentes acerca de la enseñanza y el aprendizaje de la lectoescritura como factores del éxito o del fracaso escolar. Versión preliminar para discusión interna en IDEISE |
| 260 ## - PUBLICACIÓN, DISTRIBUCIÓN, ETC. | |
| Nombre del editor, distribuidor, etc. | Santo Domingo |
| Fecha de publicación, distribución, etc. | 2012 |
| 901 ## - ELEMENTOS DE DATOS A LOCAL LDA (RLIN) | |
| a | 8/4/2013 9:53:26 a.m. |
No items available.